[Event "BLR-chT U18"]
[Site "Gomel"]
[Date "2024.03.04"]
[Round "6.6"]
[White "Saprykava, Hanna"]
[Black "Siamionava, Hanna"]
[Result "0-1"]
[WhiteElo "1800"]
[BlackElo "1800"]
[PlyCount "78"]
[EventDate "2024.03.01"]
[EventType "tourn"]
[EventRounds "7"]
[EventCountry "BLR"]
[SourceTitle "CB11_2024"]
[SourceDate "2024.03.13"]
[SourceVersion "1"]
[SourceVersionDate "2024.03.13"]
[SourceQuality "1"]

1. d4 Nf6 2. Nf3 g6 3. c4 Bg7 4. Nc3 d6 5. e4 0-0 6. Be2 Re8 7. Be3 Nbd7 8. 0-0 e5 9. d5 h6 10. h3 Nf8 11. Qd2 Kh7 12. b4 g5 13. c5 Ng6 14. Nh2 Nf4 15. Bxf4 gxf4 16. Rac1 Rg8 17. Bf3 Bf8 18. Kh1 dxc5 19. bxc5 Bxc5 20. Qd3 Bd6 21. Ne2 Kh8 22. Qd2 Qf8 23. Qc3 Bd7 24. Nxf4 Qg7 25. Nd3 Rae8 26. Rg1 Qg5 27. Nc5 Bc8 28. Nd3 Qh4 29. Rce1 Rg7 30. Qd2 Reg8 31. Nb2 Nh7 32. Nc4 Ng5 33. Ne3 Nxf3 34. Nxf3 Qh5 35. Nf5 Bxf5 36. exf5 Rxg2 37. h4 Rxg1+ 38. Rxg1 Qxf3+ 39. Kh2 e4+ 0-1

[Event "BLR-ch sf (Women)"]
[Site "Minsk"]
[Date "2023.12.13"]
[Round "7"]
[White "Siamionava, Hanna"]
[Black "Baranova, Valentina"]
[Result "1-0"]
[WhiteElo "1174"]
[BlackElo "1162"]
[PlyCount "63"]
[EventDate "2023.12.07"]
[EventType "swiss"]
[EventRounds "9"]
[EventCountry "BLR"]
[SourceTitle "CB51_2023"]
[SourceDate "2023.12.20"]
[SourceVersion "1"]
[SourceVersionDate "2023.12.20"]
[SourceQuality "1"]

1. e4 d6 2. d4 Nf6 3. Nc3 Nbd7 4. f3 e5 5. Nge2 a6 6. Be3 c6 7. Qd2 Qc7 8. a3 Nb6 9. Ng3 exd4 10. Bxd4 Nfd7 11. Nf5 f6 12. Be2 Ne5 13. f4 Nf7 14. Qe3 Nd7 15. Qf2 g6 16. Ng3 Bg7 17. 0-0 0-0 18. Bc4 b6 19. h4 Kh8 20. h5 g5 21. Bxf7 Rxf7 22. fxg5 Qd8 23. g6 Rf8 24. Nf5 Ne5 25. h6 Bxf5 26. hxg7+ Kxg7 27. exf5 hxg6 28. fxg6 c5 29. Bxe5 dxe5 30. Rad1 Qe8 31. Rd3 Rc8 32. Qh4 1-0

[Event "BLR-ch sf (Women)"]
[Site "Minsk"]
[Date "2023.12.11"]
[Round "5"]
[White "Venskaya, Nika"]
[Black "Siamionava, Hanna"]
[Result "1-0"]
[WhiteElo "1631"]
[BlackElo "1174"]
[PlyCount "73"]
[EventDate "2023.12.07"]
[EventType "swiss"]
[EventRounds "9"]
[EventCountry "BLR"]
[SourceTitle "CB51_2023"]
[SourceDate "2023.12.20"]
[SourceVersion "1"]
[SourceVersionDate "2023.12.20"]
[SourceQuality "1"]

1. d4 Nf6 2. Nf3 g6 3. g3 Bg7 4. Bg2 d6 5. 0-0 0-0 6. c4 Nbd7 7. Nc3 Re8 8. e4 e5 9. d5 Nc5 10. Nd2 a5 11. f4 exf4 12. gxf4 Nh5 13. Nb3 Nxb3 14. axb3 f5 15. Qd3 Qh4 16. Bd2 fxe4 17. Bxe4 Rf8 18. Ne2 Bg4 19. Ng3 Nf6 20. Bf3 b6 21. Bc3 Bxf3 22. Rxf3 Ng4 23. Nf1 Bxc3 24. bxc3 Rf5 25. b4 Raf8 26. bxa5 Rxf4 27. Rxf4 Rxf4 28. Qg3 Qf6 29. a6 Nf2 30. a7 Rf3 31. a8Q+ Kg7 32. Qa2 Rxg3+ 33. hxg3 Nh3+ 34. Kg2 Ng5 35. Qf2 Qxc3 36. Ra8 Nf7 37. Ne3 1-0